01735nam a2200409 a 4500001001200000003000800012006001900020007001500039008004100054010001700095020003800112020003500150040002100185035002100206043001200227050002600239082001700265245012900282260006000411300003100471490002100502500008200523504006600605533015200671650005600823650006800879651003300947651004000980651002901020651003601049655002901085700002901114710001701143830002201160856012601182999001701308ebr10333617CaPaEBRm u cr cn|||||||||080820r20082001couab sb s001 0 eng  z 2008035505 z9780870819353 (pbk. : alk. paper) z0870819356 (pbk. : alk. paper) aCaPaEBRcCaPaEBR a(OCoLC)503441763 an-us-co14aF784.D447bD46 2008eb04a978.8/8322200aDenverh[electronic resource] :ban archaeological history /cSarah M. Nelson ... [et al.] ; foreword by Stephen J. Leonard. aBoulder, Colo. :bUniversity Press of Colorado,cc2008. axii, 273 p. :bill., maps.1 aTimberline books aOriginally published: Philadelphia : University of Pennsylvania Press, c2001. aIncludes bibliographical references (p. [243]-268) and index. aElectronic reproduction.bPalo Alto, Calif. :cebrary,d2013.nAvailable via World Wide Web.nAccess may be limited to ebrary affiliated libraries. 0aFrontier and pioneer lifezColoradozDenver Region. 0aIndians of North AmericazColoradozDenver RegionxAntiquities. 0aDenver (Colo.)xAntiquities. 0aDenver Region (Colo.)xAntiquities. 0aDenver (Colo.)xHistory. 0aDenver Region (Colo.)xHistory. 7aElectronic books.2local1 aNelson, Sarah M.,d1931-2 aebrary, Inc. 0aTimberline books.40uhttp://site.ebrary.com/lib/rucke/Doc?id=10333617zAn electronic book accessible through the World Wide Web; click to view c50175d50175